Medicinal plants of Nepal for ayurvedic drugs / (Record no. 19360)

000 -LEADER
fixed length control field 00595cam a2200169 a 4500
040 ## - CATALOGING SOURCE
Transcribing agency DLC
082 00 - DEWEY DECIMAL CLASSIFICATION NUMBER
Classification number 615 SIV 1995 C166 Or.
245 00 - TITLE STATEMENT
Title Medicinal plants of Nepal for ayurvedic drugs /
250 ## - EDITION STATEMENT
Edition statement 1st ed.
260 ## - PUBLICATION, DISTRIBUTION, ETC. (IMPRINT)
Place of publication Kathmandu :
Name of publisher His Majesty's Govt. of Nepal, Ministry of Forests and Soil Conservation, Dept. of Plant Resources, Natural Products Development Division,
Year of publication 1995.
300 ## - PHYSICAL DESCRIPTION
Number of Pages 387, A-F, xxvii p. :
Other physical details ill. (some col.) ;
Dimensions 29 cm.
650 #0 - SUBJECT ADDED ENTRY--TOPICAL TERM
Topical Term Materia medica, Vegetable
650 #0 - SUBJECT ADDED ENTRY--TOPICAL TERM
Topical Term Medicinal plants
700 1# - ADDED ENTRY--PERSONAL NAME
Personal name Rajbhandary, T. K.
710 1# - ADDED ENTRY--CORPORATE NAME
Corporate name or jurisdiction name as entry element Nepal.
942 ## - ADDED ENTRY ELEMENTS (KOHA)
Koha item type ADB
952 ## - LOCATION AND ITEM INFORMATION (KOHA)
Withdrawn status [LOCAL, KOHA] 0
Holdings
Source of acquisition Permanent Location Date acquired Koha item type Lost status Shelving location Current Location Full call number
A36429Library Block C2020-09-29សៀវភៅភាសាអង់គ្លេស C166Library Block C615 SIV 1995 C166 Or.
មជ្ឈមណ្ឌលឯការនៃសាកលវិទ្យាល័យភូមិន្ទកសិកម្មចំការដូង

Powered by Koha